[Event "Günnigfeld- Katernberg 4"]
[Site "?"]
[Date "2023.02.26"]
[Round "5.8"]
[White "Funke, Eckhard"]
[Black "Goldkuhle, Collin"]
[Result "0-1"]
[WhiteElo "1867"]
[BlackElo "1525"]
[PlyCount "130"]
[SourceDate "2022.10.02"]

1. d4 Nf6 2. c4 e6 3. Nc3 Bb4 4. Bd2 O-O 5. e3 Bxc3 6. Bxc3 b6 7. Nf3 Bb7 8.
Be2 d6 9. O-O Ne4 10. Rc1 Nd7 11. b4 Nxc3 12. Rxc3 Nf6 13. Nd2 Ne4 14. Nxe4
Bxe4 15. Bf3 Bxf3 16. Qxf3 Qd7 17. c5 bxc5 18. bxc5 d5 19. c6 Qd6 20. Qg3 Qxg3
21. hxg3 Rfb8 22. a4 a5 23. Rc5 Kf8 24. Rb5 Rxb5 25. axb5 Ke7 26. Rc1 a4 27.
Ra1 Ra5 28. Kf1 Kd6 29. Ke2 Rxb5 30. Rxa4 Kxc6 31. Ra8 Kd7 32. Rg8 Rb2+ 33. Kf3
g6 34. Rg7 Ke7 35. Rxh7 Rc2 36. g4 c5 37. dxc5 Rxc5 38. Rh1 Kf6 39. Rd1 Rc4 40.
Kg3 Ke5 41. Ra1 Rc3 42. Ra4 g5 43. Kf3 f6 44. Ra5 Kd6 45. Ra6+ Rc6 46. Ra8 e5
47. Ke2 Rc2+ 48. Ke1 d4 49. Ra6+ Rc6 50. Rxc6+ Kxc6 51. exd4 exd4 52. Kd2 Kc5
53. Kd3 Kd5 54. g3 Ke5 55. f3 Kd5 56. Kd2 Kc4 57. Kc2 d3+ 58. Kd2 Kd4 59. f4
Ke4 60. fxg5 fxg5 61. Kd1 Kf3 62. Kd2 Kxg3 63. Kxd3 Kxg4 64. Ke2 Kg3 65. Kf1
Kh2 0-1

[Event "Welper 2- Unna"]
[Site "?"]
[Date "2023.02.26"]
[Round "5.1"]
[White "Barskij, Alexandr"]
[Black "Marx, Patrick"]
[Result "1/2-1/2"]
[WhiteElo "1882"]
[BlackElo "1963"]
[PlyCount "68"]
[SourceDate "2022.10.02"]

1. e4 c6 2. Nf3 d5 3. exd5 cxd5 4. Ne5 Nf6 5. d4 e6 6. c3 Be7 7. Bd3 Nbd7 8.
O-O Nxe5 9. dxe5 Nd7 10. Re1 Nc5 11. Bc2 b5 12. Qg4 g6 13. Bh6 Bb7 14. Nd2 Qc7
15. Nf3 Nd7 16. Bd3 a6 17. Qh3 Nb6 18. Qg3 Nc4 19. Rab1 Bf8 20. Bxf8 Kxf8 21.
Qf4 Qe7 22. h4 Kg7 23. Qg5 Qxg5 24. hxg5 h6 25. gxh6+ Rxh6 26. Bxc4 dxc4 27.
Nd4 Rah8 28. f3 Rh5 29. Kf2 Rg5 30. Re2 Rh2 31. Kg1 Rgh5 32. Kf2 g5 33. Kg3 Rh1
34. Ree1 Rxe1 1/2-1/2

[Event "Welper 2- Unna"]
[Site "?"]
[Date "2023.02.26"]
[Round "5.2"]
[White "Sharma, Danesh"]
[Black "Humpert, Dominik"]
[Result "1-0"]
[WhiteElo "2065"]
[BlackElo "1837"]
[PlyCount "57"]
[SourceDate "2022.10.02"]

1. e4 e6 2. d4 d5 3. Nc3 Nf6 4. Bg5 Be7 5. e5 Nfd7 6. Bxe7 Qxe7 7. f4 a6 8. Nf3
c5 9. Ne2 Nc6 10. c3 f6 11. Ng3 b5 12. Bd3 cxd4 13. Nxd4 Nxd4 14. cxd4 Qb4+ 15.
Qd2 Qxd2+ 16. Kxd2 fxe5 17. fxe5 O-O 18. Rhf1 Bb7 19. Rac1 Rxf1 20. Rxf1 Nb8
21. Ne2 Nc6 22. Rf4 h6 23. Bg6 Ne7 24. Bf7+ Kh8 25. Bxe6 Bc8 26. Rf8+ Kh7 27.
Nf4 g5 28. Rf7+ Kh8 29. Rxe7 1-0

[Event "Welper 2- Unna"]
[Site "?"]
[Date "2023.02.26"]
[Round "5.3"]
[White "Solberg, Kirsten"]
[Black "Teich, Udo"]
[Result "0-1"]
[WhiteElo "1925"]
[BlackElo "1996"]
[PlyCount "94"]
[SourceDate "2022.10.02"]

1. e4 e6 2. d4 d5 3. Nd2 Nf6 4. e5 Nfd7 5. Bd3 c5 6. c3 Nc6 7. Ne2 cxd4 8. cxd4
f6 9. Nf3 Bb4+ 10. Kf1 fxe5 11. dxe5 Ndxe5 12. Nxe5 Nxe5 13. Qa4+ Nc6 14. Bb5
Be7 15. Nd4 O-O 16. Bxc6 bxc6 17. Nxc6 Qd7 18. Nxe7+ Qxe7 19. Be3 e5 20. Ke2 d4
21. Bd2 Qf7 22. f3 e4 23. Raf1 Qg6 24. Qxd4 Ba6+ 25. Ke1 Bxf1 26. Rxf1 exf3 27.
Rxf3 Rfe8+ 28. Kf2 Rad8 29. Qc4+ Qe6 30. Qxe6+ Rxe6 31. Bc3 Rf8 32. a3 g6 33.
h3 a6 34. g4 Rxf3+ 35. Kxf3 Rd6 36. h4 Kf7 37. Be5 Rd5 38. Ke4 Ke6 39. Bg7 a5
40. Kf4 a4 41. Bc3 Kd6 42. Bg7 Kc5 43. Ke4 Kc4 44. Bf6 Rb5 45. Bg7 Kb3 46. Kd3
Rc5 47. Bc3 Rc4 0-1

[Event "Welper 2- Unna"]
[Site "?"]
[Date "2023.02.26"]
[Round "5.4"]
[White "Leimkuehler, Dirk"]
[Black "Franck, Axel"]
[Result "0-1"]
[WhiteElo "1842"]
[BlackElo "1710"]
[PlyCount "186"]
[SourceDate "2022.10.02"]

1. f4 d5 2. Nf3 c5 3. g3 Nc6 4. Bg2 Nf6 5. d3 Bf5 6. O-O e6 7. Nh4 Bg6 8. f5
exf5 9. Nxf5 Qd7 10. Bh3 Bxf5 11. Bxf5 Qc7 12. Nc3 a6 13. e4 d4 14. Nd5 Nxd5
15. exd5 Ne5 16. Bf4 Bd6 17. Qe2 O-O 18. Rae1 Ng6 19. Qh5 Rfe8 20. Re4 Re7 21.
h4 Rae8 22. Qf3 Rxe4 23. Bxd6 Qxd6 24. Bxe4 Ne5 25. Qh5 g6 26. Qg5 Kg7 27. h5
h6 28. Qf4 f5 29. Bg2 Nf7 30. hxg6 Qxf4 31. Rxf4 Kxg6 32. Bh3 Re5 33. Bg2 Nd6
34. Kf2 b5 35. c3 dxc3 36. bxc3 c4 37. Rd4 Kf6 38. Bf1 cxd3 39. Bxd3 Ne4+ 40.
Bxe4 Rxe4 41. Rd3 Ke7 42. d6+ Kd7 43. Kf3 Rc4 44. Ke3 Rg4 45. Kf3 Rc4 46. Ke3
Re4+ 47. Kf3 Ra4 48. Ke3 h5 49. Rd5 Rg4 50. Kf3 h4 51. gxh4 Rxh4 52. Rxf5 Ra4
53. Rd5 Rxa2 54. Ke3 Ra4 55. Kd3 Rc4 56. Kc2 Rc6 57. Kb3 Rxd6 58. Rh5 Rc6 59.
Kb4 Rc4+ 60. Kb3 Kc6 61. Rh6+ Kb7 62. Rh7+ Kb6 63. Rh6+ Ka5 64. Rg6 Rf4 65. Rg5
Rf6 66. Rh5 Kb6 67. Rh8 a5 68. Rh4 Rf5 69. Rh6+ Kc5 70. Rh8 a4+ 71. Ka3 Kc4 72.
Rh3 Rd5 73. Kb2 Rd2+ 74. Kc1 Rg2 75. Rh5 Kxc3 76. Kb1 Kc4 77. Rh8 a3 78. Rh3
Kb4 79. Rh4+ Kb3 80. Rh3+ Ka4 81. Rh4+ b4 82. Ka1 Rc2 83. Rg4 Kb3 84. Rg3+ Rc3
85. Rg1 Rd3 86. Rc1 Ka4 87. Rc4 Kb5 88. Rg4 b3 89. Rg5+ Kc4 90. Rg4+ Kc3 91.
Rg1 Kc2 92. Rc1+ Kd2 93. Rh1 Re3 0-1

[Event "Welper 2- Unna"]
[Site "?"]
[Date "2023.02.26"]
[Round "5.5"]
[White "Hendler, Markus"]
[Black "Sharma, Rakesh"]
[Result "1/2-1/2"]
[WhiteElo "1501"]
[BlackElo "1843"]
[PlyCount "44"]
[SourceDate "2022.10.02"]

1. e4 c6 2. d4 d5 3. exd5 cxd5 4. c4 Nf6 5. Nc3 g6 6. Qb3 Bg7 7. cxd5 O-O 8.
Nge2 Nbd7 9. g3 Nb6 10. Bg2 Bf5 11. O-O Bd3 12. d6 Qxd6 13. Bxb7 Rab8 14. Bf4
Qd7 15. Bxb8 Qxb7 16. Be5 Qf3 17. Qd1 Ba6 18. Nf4 Qc6 19. Nd3 Qc4 20. Nc5 Qxf1+
21. Qxf1 Bxf1 22. Kxf1 Rc8 1/2-1/2

[Event "Welper 2- Unna"]
[Site "?"]
[Date "2023.02.26"]
[Round "5.6"]
[White "Heidt, Viktor"]
[Black "Bochynek, Josua"]
[Result "1/2-1/2"]
[WhiteElo "1670"]
[BlackElo "1719"]
[PlyCount "65"]
[SourceDate "2022.10.02"]

1. c4 Nf6 2. Nc3 g6 3. e4 d6 4. d4 Bg7 5. Be2 O-O 6. Nf3 c5 7. O-O cxd4 8. Nxd4
Nc6 9. Be3 Ne5 10. h3 Bd7 11. Rc1 Rc8 12. b3 a6 13. f4 Nc6 14. Qd2 Qa5 15. Bf3
Nxd4 16. Bxd4 Bc6 17. Qe3 Qd8 18. Rfd1 Qe8 19. e5 dxe5 20. Bxe5 Bxf3 21. Qxf3
Qc6 22. Nd5 Nxd5 23. Bxg7 Kxg7 24. Qxd5 Qxd5 25. Rxd5 Rfd8 26. Rcd1 Rxd5 27.
Rxd5 Rc7 28. Kf2 e6 29. Rd6 Kf6 30. Ke3 Ke7 31. Rd4 Rc6 32. b4 f6 33. c5
1/2-1/2

[Event "Welper 2- Unna"]
[Site "?"]
[Date "2023.02.26"]
[Round "5.7"]
[White "Konrad, Alechander"]
[Black "Nuernberger, David"]
[Result "0-1"]
[WhiteElo "1658"]
[BlackElo "1490"]
[PlyCount "38"]
[SourceDate "2022.10.02"]

1. c4 e5 2. g3 Nf6 3. Bg2 d5 4. cxd5 Nxd5 5. Nc3 Be6 6. d3 Nc6 7. Nf3 Be7 8.
O-O f6 9. a3 Qd7 10. Bd2 O-O-O 11. Rc1 g5 12. Qa4 Nb6 13. Qc2 Bh3 14. Bxh3 Qxh3
15. b4 g4 16. Nh4 Nd4 17. Qd1 f5 18. Ng2 f4 19. gxf4 Nf3+ 0-1

[Event "Welper 2- Unna"]
[Site "?"]
[Date "2023.02.26"]
[Round "5.8"]
[White "Wallhof, Dieter"]
[Black "Grube, Frank"]
[Result "1/2-1/2"]
[WhiteElo "1902"]
[BlackElo "1901"]
[PlyCount "75"]
[SourceDate "2022.10.02"]

1. Nf3 d5 2. g3 Nf6 3. Bg2 c5 4. O-O Nc6 5. d3 Bg4 6. h3 Bh5 7. Nbd2 e6 8. b3
Be7 9. Bb2 O-O 10. e4 dxe4 11. dxe4 Qc7 12. g4 Bg6 13. Nh4 Rad8 14. Nxg6 hxg6
15. Qe2 Qf4 16. Rfd1 Bd6 17. Nf1 Bb8 18. Rxd8 Rxd8 19. Re1 Qc7 20. Rd1 Nd4 21.
Qd3 Nc6 22. Qe2 Nd4 23. Qd3 Rd7 24. c3 Nxb3 25. Qe2 Na5 26. Rxd7 Qxd7 27. c4
Qa4 28. Ne3 Nc6 29. e5 Nd7 30. Qd2 Ncxe5 31. f4 Nxc4 32. Nxc4 Qxc4 33. Qxd7
Qxf4 34. Qd8+ Kh7 35. Qh4+ Kg8 36. Qd8+ Kh7 37. Qh4+ Kg8 38. Qd8+ 1/2-1/2

[Event "Drewer- Recklinghausen"]
[Site "?"]
[Date "2023.02.26"]
[Round "5.1"]
[White "Callenberg, Ralf"]
[Black "Schaefer, Martin"]
[Result "1-0"]
[WhiteElo "2116"]
[BlackElo "1801"]
[PlyCount "105"]
[SourceDate "2022.10.02"]

1. c4 e5 2. Nc3 Nf6 3. g3 Be7 4. Bg2 O-O 5. e4 d6 6. Nge2 Bg4 7. h3 Be6 8. Qb3
Qc8 9. f4 Nbd7 10. Nd5 Bxd5 11. cxd5 Nc5 12. Qc2 c6 13. dxc6 Qxc6 14. b4 Na6
15. Qxc6 bxc6 16. a3 Nc7 17. Bb2 Nd7 18. d4 exf4 19. Nxf4 a5 20. Nd3 axb4 21.
Nxb4 c5 22. Nc6 Bf6 23. O-O cxd4 24. Bxd4 Bxd4+ 25. Nxd4 Ra4 26. Rfd1 g6 27.
Nc6 Nb5 28. Bf1 Nxa3 29. Rd4 Raa8 30. Rxd6 Nc5 31. e5 Ne4 32. Ne7+ Kg7 33. Bg2
Nxd6 34. exd6 Ra7 35. Nc6 Ra6 36. d7 Rxc6 37. Bxc6 Nc4 38. Ra8 Nb6 39. Rxf8
Nxd7 40. Re8 Nf6 41. Re3 g5 42. Re5 h6 43. Kg2 g4 44. h4 Kg6 45. Bb5 Ng8 46.
Bd3+ Kg7 47. Kf2 f6 48. Ra5 Ne7 49. Ra7 Kf8 50. Bc4 h5 51. Ke3 Nf5+ 52. Kf4 Nd6
53. Bd3 1-0

[Event "Drewer- Recklinghausen"]
[Site "?"]
[Date "2023.02.26"]
[Round "5.2"]
[White "Riegermann, Ulrich"]
[Black "Mecklenburg, Roland"]
[Result "1/2-1/2"]
[WhiteElo "1788"]
[BlackElo "1988"]
[PlyCount "65"]
[SourceDate "2022.10.02"]

1. e4 g6 2. Nf3 Bg7 3. Bc4 e6 4. Nc3 Ne7 5. Qe2 O-O 6. d3 h6 7. Bd2 a6 8. a4
Nbc6 9. Nd1 d5 10. Bb3 Bd7 11. Bc3 d4 12. Bd2 b5 13. a5 Qc8 14. O-O e5 15. Ne1
Be6 16. Bxe6 Qxe6 17. f4 exf4 18. Bxf4 Nd5 19. Qd2 Nxf4 20. Qxf4 Qd6 21. Qd2
Rad8 22. Nf2 Ne5 23. Nf3 h5 24. Kh1 Qe6 25. Nxe5 Bxe5 26. Nh3 Kg7 27. Nf4 Bxf4
28. Qxf4 c5 29. Rae1 f6 30. b3 Qe5 31. Kg1 Qxf4 32. Rxf4 Rfe8 33. Ref1 1/2-1/2

[Event "Drewer- Recklinghausen"]
[Site "?"]
[Date "2023.02.26"]
[Round "5.3"]
[White "Parado, Dominador"]
[Black "Uhlich, Wilfried"]
[Result "0-1"]
[WhiteElo "2079"]
[BlackElo "1797"]
[PlyCount "108"]
[SourceDate "2022.10.02"]

1. d4 d5 2. c4 c6 3. Nf3 Nf6 4. Nc3 e6 5. e3 Nbd7 6. Qc2 Bd6 7. g4 O-O 8. g5
Nh5 9. Bd3 g6 10. Bd2 dxc4 11. Bxc4 e5 12. Ne4 Be7 13. dxe5 Nb6 14. Be2 Bf5 15.
Nd4 Qd5 16. Nxf5 gxf5 17. Bxh5 fxe4 18. Bc3 Rad8 19. Be2 c5 20. h4 Qc6 21. Rg1
Na4 22. h5 b5 23. g6 fxg6 24. hxg6 h6 25. Ba5 Bh4 26. Rg2 Rd7 27. b3 Nb6 28.
Rc1 Be7 29. Bxb6 axb6 30. Rg4 Ra7 31. a4 b4 32. Bc4+ Kg7 33. Bb5 Qa8 34. Ke2 h5
35. Rg2 Rf3 36. Qc4 Bh4 37. Qe6 Qf8 38. Rf1 Re7 39. Qxb6 Rxe5 40. Qc7+ Qe7 41.
Qc8 Rf8 42. Qd7 Qxd7 43. Bxd7 Rd8 44. Rd1 Re7 45. Bb5 Rxd1 46. Kxd1 Bf6 47. Bc4
h4 48. a5 Be5 49. Rg4 h3 50. Rh4 h2 51. Bf7 Rd7+ 52. Ke2 Rd8 53. Kf1 Rd1+ 54.
Kg2 Rg1+ 0-1

[Event "Drewer- Recklinghausen"]
[Site "?"]
[Date "2023.02.26"]
[Round "5.4"]
[White "Kraft, Marius"]
[Black "Blayvas, Jan"]
[Result "0-1"]
[WhiteElo "1604"]
[BlackElo "2132"]
[PlyCount "66"]
[SourceDate "2022.10.02"]

1. e4 e6 2. d4 d5 3. exd5 exd5 4. Bd3 Nc6 5. c3 Bd6 6. Ne2 Nge7 7. Bf4 Bg4 8.
f3 Be6 9. Qc2 f6 10. Nd2 g5 11. Bxd6 Qxd6 12. g4 h5 13. gxh5 Rxh5 14. Ng3 Rh4
15. O-O-O O-O-O 16. Rde1 Rdh8 17. Re2 Qxg3 18. Rxe6 Rxh2 19. Rxh2 Rxh2 20. Rxf6
Qe1+ 21. Qd1 Qe3 22. Kc2 a6 23. Bf5+ Nxf5 24. Rxf5 Rg2 25. Rf8+ Kd7 26. f4 gxf4
27. Rh8 Ne7 28. Rh1 Nf5 29. Re1 Qf2 30. Qb1 Qxd2+ 31. Kb3 Nd6 32. Qh7+ Kc6 33.
Qh6 Qc2+ 0-1

[Event "Drewer- Recklinghausen"]
[Site "?"]
[Date "2023.02.26"]
[Round "5.5"]
[White "Stahlhofen, Thomas"]
[Black "Nordhoff, Georg"]
[Result "1-0"]
[WhiteElo "1814"]
[BlackElo "1652"]
[PlyCount "69"]
[SourceDate "2022.10.02"]

1. e4 d5 2. exd5 Qxd5 3. Nc3 Qd8 4. d4 c6 5. Nf3 Bg4 6. Be3 Nf6 7. h3 Bxf3 8.
Qxf3 e6 9. Bd3 Nbd7 10. Qg3 g6 11. O-O-O Be7 12. Kb1 Nb6 13. Rhe1 O-O 14. Bh6
Nh5 15. Qg4 Ng7 16. Qe2 Bg5 17. Bxg5 Qxg5 18. g4 f5 19. Rg1 Qf4 20. gxf5 exf5
21. Bc4+ Nxc4 22. Qxc4+ Rf7 23. Rde1 Qc7 24. Re5 Re8 25. Rge1 Rxe5 26. dxe5 Kh8
27. e6 Re7 28. Qd4 Kg8 29. Qxa7 Nxe6 30. Qa3 Kf7 31. Qb3 Kf6 32. Qc4 Qf4 33.
Qe2 Qd6 34. Qc4 Qf4 35. Rxe6+ 1-0

[Event "Drewer- Recklinghausen"]
[Site "?"]
[Date "2023.02.26"]
[Round "5.6"]
[White "Berner, Henri"]
[Black "Balke, Heinrich"]
[Result "0-1"]
[WhiteElo "1551"]
[BlackElo "1808"]
[PlyCount "44"]
[SourceDate "2022.10.02"]

1. e4 c6 2. d4 d5 3. f3 dxe4 4. fxe4 e5 5. Nf3 exd4 6. Bc4 Nd7 7. Qxd4 Qb6 8.
Bxf7+ Kxf7 9. Qc4+ Ke8 10. Nc3 Qc5 11. Qd3 Ne5 12. Nxe5 Qxe5 13. O-O Nf6 14.
Bf4 Bc5+ 15. Kh1 Qd4 16. Qf3 Bg4 17. Qg3 h5 18. h4 Rf8 19. Rae1 Rd8 20. e5 Nd5
21. Re4 Rxf4 22. Nxd5 Rxf1+ 0-1

[Event "Drewer- Recklinghausen"]
[Site "?"]
[Date "2023.02.26"]
[Round "5.7"]
[White "Hillebrand, Elmar"]
[Black "Herche, Niklas"]
[Result "1-0"]
[WhiteElo "1746"]
[BlackElo "1582"]
[PlyCount "141"]
[SourceDate "2022.10.02"]

1. e4 c5 2. Nf3 Nc6 3. d4 cxd4 4. Nxd4 g6 5. Be3 Bg7 6. Nc3 a6 7. Qd2 d6 8.
O-O-O Be6 9. Nxe6 fxe6 10. Bc4 Qa5 11. Bxe6 Qb4 12. a3 Bxc3 13. Qxc3 Qxc3 14.
bxc3 Nf6 15. f3 Nd8 16. Bb3 Rc8 17. Bh6 Kd7 18. e5 Ne8 19. exd6 Nxd6 20. Rhe1
Rc5 21. h4 b5 22. Rd3 Nc6 23. Bf4 Rf8 24. Bxd6 exd6 25. Re6 d5 26. Rxd5+ Rxd5
27. Bxd5 Nb8 28. Rb6 Kc8 29. c4 bxc4 30. Bxc4 Rf4 31. Be6+ Kc7 32. Rb4 Rxb4 33.
axb4 Nc6 34. c3 Kd6 35. Bg8 h6 36. Kc2 a5 37. bxa5 Nxa5 38. g3 g5 39. hxg5 hxg5
40. Kd3 Ke5 41. Ke3 Nb7 42. f4+ gxf4+ 43. gxf4+ Kf6 44. Bh7 Nd6 45. Kd4 Ke6 46.
Bd3 Nb7 47. c4 Kd6 48. f5 Nc5 49. Bc2 Nd7 50. Ba4 Nc5 51. Bb5 Nb7 52. Ke4 Nc5+
53. Kf4 Nd3+ 54. Kg5 Ke7 55. f6+ Ke6 56. Bc6 Kf7 57. Bd5+ Kf8 58. Kf5 Nc5 59.
Ke5 Nd3+ 60. Kd6 Nf4 61. c5 Ke8 62. c6 Kd8 63. c7+ Kc8 64. Be6+ Nxe6 65. Kxe6
Kxc7 66. f7 Kb7 67. f8=Q Ka7 68. Qb4 Ka6 69. Kd6 Ka7 70. Kc6 Ka8 71. Qb7# 1-0

[Event "Drewer- Recklinghausen"]
[Site "?"]
[Date "2023.02.26"]
[Round "5.8"]
[White "Gorny, Olaf"]
[Black "Feldhaus, Tom"]
[Result "0-1"]
[WhiteElo "1355"]
[BlackElo "1641"]
[PlyCount "64"]
[SourceDate "2022.10.02"]

1. c4 e6 2. Nc3 d5 3. Nf3 Nf6 4. g3 Be7 5. Bg2 O-O 6. cxd5 exd5 7. d4 c6 8. O-O
Bf5 9. Nh4 Bg4 10. h3 Be6 11. Qd3 Qd7 12. Kh2 Na6 13. a3 c5 14. f4 cxd4 15.
Qxd4 Bc5 16. Qd3 d4 17. Ne4 Be7 18. Nxf6+ Bxf6 19. Nf3 Nc5 20. Qc2 Nb3 21. Ne5
Bxe5 22. fxe5 Nxa1 23. Qd3 Nb3 24. Be4 Nxc1 25. Rxc1 h6 26. g4 Rac8 27. Rxc8
Rxc8 28. Bf5 Qd5 29. e4 Qxe5+ 30. Kg2 Bxf5 31. gxf5 Rc1 32. Qf3 Rc2+ 0-1

[Event "Kirchhellen- Borbeck 2"]
[Site "?"]
[Date "2023.02.26"]
[Round "5.1"]
[White "Strauß, Dirk"]
[Black "Schlueter, Christoph"]
[Result "1/2-1/2"]
[WhiteElo "1921"]
[BlackElo "2139"]
[Annotator "daniel"]
[PlyCount "85"]
[SourceDate "2022.10.02"]

1. d4 Nf6 2. c4 g6 3. g3 Bg7 4. Bg2 O-O 5. Nc3 d6 6. Nf3 Nc6 7. O-O e5 8. dxe5
dxe5 9. Bg5 Qxd1 10. Raxd1 h6 11. Bxf6 Bxf6 12. Nd5 Bd8 13. b4 Bg4 $11 14. Rfe1
f6 15. b5 Na5 16. Nd2 Rc8 17. h3 Be6 18. Rc1 c6 19. bxc6 bxc6 20. Ne3 f5 21. c5
Bg5 22. Rc3 e4 23. Ndc4 Nxc4 24. Nxc4 Rb8 25. Rd1 Bf6 26. Rc2 Bd5 27. Ne3 Rfd8
28. Nxd5 Rxd5 29. Rxd5 cxd5 30. e3 Kf7 31. Bf1 Rc8 32. c6 d4 33. exd4 Bxd4 34.
Bb5 e3 35. fxe3 Bxe3+ 36. Kg2 g5 37. a4 a5 38. Rc3 f4 39. Rd3 Rc7 40. Rd6 fxg3
41. Rxh6 Bf4 42. Bd3 Re7 43. Rh7+ 1/2-1/2

[Event "Kirchhellen- Borbeck 2"]
[Site "?"]
[Date "2023.02.26"]
[Round "5.2"]
[White "Sinnwell, Horst"]
[Black "Kindermann, Carsten"]
[Result "1/2-1/2"]
[WhiteElo "2018"]
[BlackElo "1924"]
[PlyCount "84"]
[SourceDate "2022.10.02"]

1. Nf3 f5 2. c4 Nf6 3. Nc3 g6 4. d4 Bg7 5. e3 d6 6. Be2 c6 7. O-O Qc7 8. b4 e5
9. dxe5 dxe5 10. Bb2 O-O 11. c5 h6 12. Qb3+ Kh7 13. Rad1 b6 14. cxb6 axb6 15.
b5 Nbd7 16. bxc6 Nc5 17. Qb4 Nfe4 18. Nd5 Qxc6 19. Bxe5 Bxe5 20. Nxe5 Qb7 21.
Bc4 Be6 22. Qxb6 Qxb6 23. Nxb6 Bxc4 24. Nexc4 Rxa2 25. Ra1 Rxa1 26. Rxa1 Rf7
27. f3 Nf6 28. Ra5 Ne6 29. h4 Nf8 30. Ne5 Re7 31. Nbc4 Rc7 32. Ra6 Kg7 33. Kh2
N8d7 34. Re6 Nf8 35. Rd6 g5 36. hxg5 hxg5 37. Rd3 Ng6 38. Nxg6 Kxg6 39. Ne5+
Kg7 40. Ra3 Nd5 41. Kg3 Nxe3 42. f4 gxf4+ 1/2-1/2

[Event "Kirchhellen- Borbeck 2"]
[Site "?"]
[Date "2023.02.26"]
[Round "5.3"]
[White "Sanders, Cedric"]
[Black "Hoffterheide, Thomas"]
[Result "1/2-1/2"]
[WhiteElo "1767"]
[BlackElo "1950"]
[PlyCount "76"]
[SourceDate "2022.10.02"]

1. c4 Nf6 2. Nc3 g6 3. g3 Bg7 4. Bg2 d6 5. e3 O-O 6. Nge2 Nbd7 7. d4 a6 8. O-O
Rb8 9. b4 e5 10. c5 Re8 11. a4 exd4 12. exd4 a5 13. Ba3 axb4 14. Bxb4 dxc5 15.
dxc5 c6 16. Ra2 Ne5 17. Qxd8 Rxd8 18. Ba5 Re8 19. Bc7 Ra8 20. Rb1 Nd3 21. Bd6
Ra5 22. Nd4 Nxc5 23. Bxc6 bxc6 24. Nxc6 Ra6 25. Ne7+ Rxe7 26. Bxe7 Nfd7 27.
Bxc5 Nxc5 28. Rb8 Rc6 29. Nd5 Bf8 30. Rc2 Kg7 31. a5 Bf5 32. Rc3 Be4 33. Nb4
Rd6 34. f3 Rd1+ 35. Kg2 Rd2+ 36. Kf1 Bd3+ 37. Ke1 Rb2 38. Rxf8 Kxf8 1/2-1/2

[Event "Kirchhellen- Borbeck 2"]
[Site "?"]
[Date "2023.02.26"]
[Round "5.4"]
[White "Andersen, Knut"]
[Black "Dippel, Olaf"]
[Result "1-0"]
[WhiteElo "2119"]
[BlackElo "1765"]
[PlyCount "107"]
[SourceDate "2022.10.02"]

1. c4 e5 2. g3 Bc5 3. Nc3 Nf6 4. Nf3 d6 5. Bg2 Nc6 6. O-O O-O 7. d3 a6 8. a3
Bg4 9. h3 Be6 10. Ng5 Qc8 11. Nxe6 fxe6 12. e3 Rb8 13. b4 Ba7 14. Bb2 Ne7 15.
Qb3 c6 16. Ne2 Kh8 17. c5 d5 18. Bxe5 Ra8 19. Nf4 Bb8 20. Qb2 Neg8 21. h4 Nh6
22. Bh3 Bxe5 23. Qxe5 Nhg4 24. Qxe6 Qxe6 25. Nxe6 Rfc8 26. Rfe1 Ne5 27. Red1
Neg4 28. Nf4 Re8 29. Re1 Re7 30. Re2 Rae8 31. Rae1 Kg8 32. Bg2 h6 33. h5 Ne5
34. a4 a5 35. Rb1 g5 36. hxg6 Kg7 37. bxa5 Ra8 38. Reb2 Ra7 39. Bh3 Nxg6 40.
Ne6+ Kg8 41. a6 Rxa6 42. Rxb7 Rxa4 43. Bf5 Rxb7 44. Rxb7 Ne5 45. Rg7+ Kh8 46.
Rc7 Ra8 47. Nd4 Neg4 48. Rxc6 Ra1+ 49. Kg2 Ra2 50. Rc8+ Kg7 51. Ne6+ Kf7 52.
Rc7+ Kg8 53. Rg7+ Kh8 54. Bxg4 1-0

[Event "Kirchhellen- Borbeck 2"]
[Site "?"]
[Date "2023.02.26"]
[Round "5.5"]
[White "Kalkhoff, Thomas"]
[Black "Borgs, Martin"]
[Result "1/2-1/2"]
[WhiteElo "1887"]
[BlackElo "1939"]
[PlyCount "44"]
[SourceDate "2022.10.02"]

1. d4 Nf6 2. Nf3 e6 3. e3 b6 4. Bd3 Bb7 5. O-O Be7 6. c4 O-O 7. Nc3 d5 8. b3
Nbd7 9. Bb2 c5 10. Rc1 cxd4 11. exd4 Rc8 12. Re1 Bd6 13. Ne5 Qe7 14. Qe2 Rfd8
15. f4 Nf8 16. f5 Bb4 17. Red1 dxc4 18. Bxc4 Bxc3 19. Bxc3 Nd5 20. Bxd5 Bxd5
21. fxe6 Qxe6 22. Qf2 f6 1/2-1/2

[Event "Kirchhellen- Borbeck 2"]
[Site "?"]
[Date "2023.02.26"]
[Round "5.6"]
[White "Schueppel, Werner"]
[Black "Kalkhoff, Andreas"]
[Result "1-0"]
[WhiteElo "1967"]
[BlackElo "1988"]
[PlyCount "101"]
[SourceDate "2022.10.02"]

1. d4 Nf6 2. Nf3 d5 3. c4 e6 4. Nc3 c6 5. e3 Nbd7 6. Bd3 g6 7. Qc2 Bg7 8. Bd2
Qe7 9. O-O-O dxc4 10. Bxc4 b5 11. Bd3 O-O 12. Ne5 Bb7 13. Kb1 Rfc8 14. Nxd7
Nxd7 15. h4 a5 16. h5 f5 17. hxg6 hxg6 18. e4 b4 19. Na4 c5 20. dxc5 Nxc5 21.
Nxc5 Rxc5 22. Qb3 Bxe4 23. Bxe4 fxe4 24. Bf4 a4 25. Qe3 Qf6 26. Rd2 Rd5 27.
Rhd1 Rad8 28. Bg5 Qxg5 29. Qxg5 Rxg5 30. Rxd8+ Kf7 31. g3 Rf5 32. R1d7+ Kf6 33.
Rd2 Bh6 34. Re2 Rc5 35. Rc2 Rh5 36. Rd1 e3 37. fxe3 Bxe3 38. Rf1+ Kg5 39. Rc4
Bd2 40. Rc5+ Kg4 41. Rxh5 gxh5 42. Kc2 Bg5 43. Rh1 e5 44. Kd1 e4 45. Ke2 Bf6
46. b3 axb3 47. axb3 Be5 48. Rh4+ Kxg3 49. Rxh5 Bf4 50. Rb5 Bd6 51. Ke3 1-0

[Event "Kirchhellen- Borbeck 2"]
[Site "?"]
[Date "2023.02.26"]
[Round "5.7"]
[White "Swosdyk, Peter"]
[Black "Belitz, Marco"]
[Result "1-0"]
[WhiteElo "1546"]
[BlackElo "1900"]
[PlyCount "55"]
[SourceDate "2022.10.02"]

1. c4 e5 2. Nc3 Nf6 3. g3 d5 4. cxd5 Nxd5 5. Bg2 Nb6 6. d3 Nc6 7. Nf3 Be7 8.
O-O Be6 9. Be3 Qd7 10. Ne4 Nd5 11. Bc5 O-O-O 12. Bxe7 Qxe7 13. a3 h5 14. h4 Bf5
15. Qa4 Nb6 16. Qc2 Bxe4 17. dxe4 f6 18. Rfd1 g5 19. e3 Kb8 20. Bf1 Rxd1 21.
Rxd1 Nd8 22. b4 Ne6 23. Bc4 Nxc4 24. Qxc4 g4 25. Ne1 Nd8 26. a4 Nf7 27. Qd5 Rd8
28. Qxf7 1-0

[Event "Kirchhellen- Borbeck 2"]
[Site "?"]
[Date "2023.02.26"]
[Round "5.8"]
[White "Kueper, Peter"]
[Black "Kindermann, Gabriele"]
[Result "1-0"]
[WhiteElo "1777"]
[BlackElo "1415"]
[PlyCount "63"]
[SourceDate "2022.10.02"]

1. e4 e5 2. f4 d5 3. exd5 exf4 4. Nf3 Bg4 5. d4 Bd6 6. Bb5+ c6 7. dxc6 bxc6 8.
Bc4 Nf6 9. O-O O-O 10. Nc3 Nbd7 11. Qd3 Re8 12. Ng5 Bh5 13. Bxf4 Bc7 14. Bxc7
Qxc7 15. Rae1 Rxe1 16. Rxe1 h6 17. Nge4 Bg6 18. Nxf6+ Nxf6 19. Qxg6 Rd8 20. Ne4
Nxe4 21. Qxe4 Rd7 22. Qe5 Qb7 23. Ba6 Qa8 24. Qe8+ Qxe8 25. Rxe8+ Kh7 26. c3 g6
27. Rc8 Re7 28. Kf2 Re6 29. Bc4 Rf6+ 30. Ke3 g5 31. Rc7 Kg7 32. Rxa7 1-0

[Event "Winz- Baak- Altenessen"]
[Site "?"]
[Date "2023.02.26"]
[Round "5.1"]
[White "Praß, Marian"]
[Black "Schwake, Peter"]
[Result "1-0"]
[WhiteElo "1928"]
[BlackElo "1852"]
[PlyCount "49"]
[SourceDate "2022.10.02"]

1. Nf3 d5 2. e3 Nf6 3. c4 e6 4. b3 Nbd7 5. Bb2 Be7 6. Qc2 O-O 7. Be2 b6 8. O-O
Bb7 9. d3 c5 10. Nbd2 Qc7 11. Rac1 e5 12. cxd5 Nxd5 13. a3 Rfe8 14. Rfe1 Rac8
15. Bf1 Bf8 16. g3 N5f6 17. e4 Qd8 18. Nc4 Qe7 19. Qc3 b5 20. Ncxe5 Nxe5 21.
Qxe5 Qd7 22. Qf4 Qe6 23. Rb1 Bd6 24. Qh4 h6 25. Bh3 1-0

[Event "Winz- Baak- Altenessen"]
[Site "?"]
[Date "2023.02.26"]
[Round "5.2"]
[White "Boetzel, Martin"]
[Black "Rohloff, Markus"]
[Result "0-1"]
[WhiteElo "1920"]
[BlackElo "1880"]
[PlyCount "28"]
[SourceDate "2022.10.02"]

1. d4 Nf6 2. Nf3 g6 3. Bf4 Bg7 4. Nbd2 O-O 5. h3 d6 6. e4 Nc6 7. c3 e5 8. dxe5
dxe5 9. Nxe5 Re8 10. Nxc6 bxc6 11. Bg5 Nxe4 12. Bxd8 Nxc3+ 13. Be2 Nxd1 14.
Rxd1 Ba6 0-1

[Event "Winz- Baak- Altenessen"]
[Site "?"]
[Date "2023.02.26"]
[Round "5.3"]
[White "Kordonowski, Frank"]
[Black "Haupt, Horst- Peter"]
[Result "1-0"]
[WhiteElo "2034"]
[BlackElo "1706"]
[PlyCount "65"]
[SourceDate "2022.10.02"]

1. Nf3 d5 2. d4 Bf5 3. e3 c6 4. Be2 Nd7 5. O-O Ngf6 6. Nh4 Bg6 7. Nxg6 hxg6 8.
f4 Ne4 9. Nd2 Nxd2 10. Bxd2 e6 11. Bd3 Bd6 12. e4 dxe4 13. Bxe4 Qh4 14. h3
O-O-O 15. Qf3 Nf6 16. Bd3 Nh5 17. a4 Qg3 18. b4 Qxf3 19. Rxf3 Nf6 20. c4 Rh4
21. Raf1 Kb8 22. Kf2 b6 23. Ke2 Kb7 24. Kd1 Be7 25. Bc3 c5 26. bxc5 bxc5 27.
dxc5 Bxc5 28. Kc2 Rhh8 29. Rb1+ Kc6 30. Bxf6 gxf6 31. Be4+ Kd6 32. Rd3+ Ke7 33.
Rb7+ 1-0